| 000 | 00825nam a2200217 a 4500 | ||
|---|---|---|---|
| 003 | 0 | ||
| 005 | 20250404152538.0 | ||
| 008 | 050809s19uu xx 00 eng d | ||
| 050 |
_aPGS LB 3060.57.C67 _b.K49 2005 |
||
| 100 | _aKim, Seok Jin. | ||
| 245 |
_aCoping strategies of lower school students on stress during achievement tests / _cSeok Jin Kim. |
||
| 260 |
_aLas PiƱas City, Philippines : _bSouthville International School and Colleges, _c2005. |
||
| 300 |
_a29 pages : _billustrations ; _c28 cm. |
||
| 504 | _aIncludes bibliographic references. | ||
| 650 | _aTest anxiety in children. | ||
| 650 |
_aStress in children _vPrevention. |
||
| 650 | _aCoping (Psychology) in children. | ||
| 650 |
_aAcademic achievement _vPsychological aspects. |
||
| 650 |
_aStudents _vMental health. |
||
| 942 |
_2lcc _cPASS |
||
| 999 |
_c97380 _d97380 |
||